La gerencia de proyectos como impulsor de la estrategia organizacional /

Bibliographic Details
Other Authors: Moreno Monsalve, Nelson Antonio, 1978- (Editor), Diez-Silva, Mauricio, 1975- (Editor)
Format: Electronic eBook
Language:Spanish
Published: Bogotá : Ediciones EAN, 2018.
Series:Dirección y gestión de proyectos.
Subjects:
Online Access:Digitalia Hispánica

MARC

LEADER 00000nam a2200000Ii 4500
001 DIGUEAN0011
003 NyNyDIG
006 m o d
007 cr |||||||||||
008 250103s2018 ck ob 000 0 spa d
035 |a (OCoLC)1484506150 
040 |a DGITA  |b eng  |e rda  |e pn  |c DGITA 
020 |a 9789587565850  |q eBook 
020 |z 9789587565867 
050 1 4 |a HD69.P75 ebook 
082 0 4 |a 658.404  |2 23 
245 0 3 |a La gerencia de proyectos como impulsor de la estrategia organizacional /  |c editores, Nelson Antonio Moreno Monsalve, H. Mauricio Diez-Silva. 
264 1 |a Bogotá :  |b Ediciones EAN,  |c 2018. 
300 |a 1 online resource. 
336 |a text  |b txt  |2 rdacontent 
337 |a computer  |b c  |2 rdamedia 
338 |a online resource  |b cr  |2 rdacarrier 
347 |a text file  |2 rdaft 
347 |b PDF 
490 1 |a Colección: Dirección y gestión de proyectos 
504 |a Includes bibliographical references. 
588 0 |a Online resource; title from PDF title page (Digitalia, viewed January 3, 2025) 
650 0 |a Project management. 
700 1 |a Moreno Monsalve, Nelson Antonio,  |d 1978-  |e editor. 
700 1 |a Diez-Silva, Mauricio,  |d 1975-  |e editor. 
791 2 |a Digitalia (Firm),  |e distributor. 
793 0 |g Digitalia eBook Collection:  |a Universidad EAN 
776 0 8 |i Print version:  |a Ortegon Álvarez, Ana María.  |t Gerencia de proyectos como impulsor de la estrategia organizacional.  |d Bogotá : Ediciones EAN, 2018  |z 9789587565867 
830 0 |a Dirección y gestión de proyectos. 
856 4 0 |3 Digitalia Hispánica  |u https://www.digitaliapublishing.com/a/133038/ 
910 |a Premium collection: 2025